000 00949nas a2200301 4500
001 BR0200723
003 BR-BrBNA
005 20231205102727.0
007 ta
008 230509b bl.|||p| |||| 00| 00por d
040 _aBR-BrBNA
_bpor
_cBiblioteca Nacional de Agricultura
041 _a(Pt)
072 _aP35
100 1 _aCanellas, L.P.
100 1 _aSantos, G. de A.
100 1 _aRumjanek, V.M.
100 1 _aMoraes, A.A.
100 1 _aGuridi, F.
245 1 _aDistribuição da matéria orgânica e características de ácidos húmicos em solos com adição de resíduos de origem urbana
650 _aSOLO
650 _aPROPRIEDADE FÍSICO-QUÍMICA
650 _aHÚMUS
650 _aESPECTROMETRIA
650 _aMATÉRIA ORGÂNICA
773 0 _tPesquisa Agropecuária Brasileira (Brazil)
_xISSN 0100-204X
_g(Dec 2001), v. 36(12) p. 1529-1538
_wBR0200723
909 _a202311
_bLúcia
_c55
_dLúcia Elande
942 _2AGRIS
_n0
_cANA
999 _c169021
_d169021